Vainqueurs d'étapes sur le Tour d'Espagne / Vuelta 2017 - Statistiques

Statistiques générales
  • Ce quiz a été pris 77 fois
  • Le résultat moyen est 13 sur 21
Statistiques - réponses
Etape Equipe Nationalité Vainqueur % Correct
9 Orihuela - Cumbre del Sol Team Sky Britannique Chris Froome
97%
16 Circuito Navarra - Logroño Team Sky Britannique Chris Froome
97%
8 Hellín - Xorret de Catí Quick Step Floors Français Julian Alaphilippe
85%
11 Lorca - Observatorio de Calar Alto Astana Colombien Miguel Angel Lopez
83%
20 Corvera de Asturias - Alto de L'Angliru Trek Segafredo Espagnol Alberto Contador
80%
3 Prades - Andorra la Vella Bahrain Merida Italien Vincenzo Nibali
80%
5 Benicàssim - Alcossebre Astana Kazakh Alexey Lutsenko
79%
15 Alcalá la Real - Sierra Nevada Astana Colombien Miguel Angel Lopez
77%
14 Écija - Sierra de La Pandera Bora Hansgrohe Polonais Rafal Majka
65%
4 Escaldes-Engordany - Tarragona Quick Step Floors Italien Matteo Trentin
59%
10 Caravaca - Alhama de Murcia Quick Step Floors Italien Matteo Trentin
59%
13 Coín - Tomares Quick Step Floors Italien Matteo Trentin
59%
21 Arroyomolinos - Madrid Quick Step Floors Italien Matteo Trentin
59%
1 Nîmes - Nîmes BMC Americain BMC
56%
19 Parque Natural de Redes - Gijón Lotto Soudal Belge Thomas De Gendt
47%
2 Nîmes - Gruissan Quick Step Floors Belge Yves Lampaert
45%
7 Llíria - Cuenca UAE Slovène Matej Mohoric
41%
17 Villadiego - Los Machucos Aqua Blue Sport Autrichien Stefan Denifl
39%
6 Villarreal - Sagunto Lotto Soudal Polonais Tomasz Marczynski
32%
12 Motril - Antequera Lotto Soudal Polonais Tomasz Marczynski
32%
18 Suances - Santo Toribio de Liébana Lotto Soudal Belge Sander Armee
21%
Aucun quiz correspondant
Distribution des résultats
% des personnes avec chaque résultat
Percentile par nombre de réponses
Votre historique - résultats
Vous n’avez pas pris ce quiz